000 00836nas a2200277 4500
001 BR2013008059
003 BR-BrBNA
005 20231205123048.0
007 ta
008 230509b bl.|||p| |||| 00| 00por d
040 _aBR-BrBNA
_bpor
_cBiblioteca Nacional de Agricultura
041 _a(En)
072 _aL74
100 1 _aCardilli, D.J.
100 1 _aJoão, C.F.
100 1 _aVoorwald, F.A.
100 1 _aFaria, J.L.M.
100 1 _aTinucci-Costa, M.
100 1 _aToniollo, G.H.
245 1 _aSwimmer syndrome affecting an entire litter of kittens
650 _aGATO
650 _aDISTURBIO GENETICO
773 0 _tArquivo Brasileiro de Medicina Veterinária e Zootecnia (Brazil)
_xISSN 0102-0935
_g(Jul 2013), v. 65(3) p. 705-709
_wBR2013008059
909 _a202311
_bLúcia
_c55
_dLúcia Elande
942 _2AGRIS
_n0
_cANA
999 _c231991
_d231991